00706 2200181 4500245002900000020002200029250001100051100001200062700001600074650002000090005001900110260004100129041001400170084001100184300002500195500029500220336000900515 aDewa RucicHeru HShText a978-602-1527-42-9 aCet. 1 aHeru HS aSandiantoro aNovel Indonesia a20230929111628 aSurabayabEcosystem Publishingc2017 aIndonesia a808.83 a124 hlm. :c18.5 cm. a"Setiap guru akan cenderung menyatakan bahwa ajarannya memuaskan hal dan menentramkan hati.Namun kenyataanya adalah tergantung akal siapa dan hati siapa,Seorang murid yang kekanak-kanakan dan tidak kritis cenderung mengiyakan saja apa kata gurunya.Karena menurutnya sudah cukup masuk akal. atext